000 00709nam a2200229Ia 4500
001 1549
003 GE_BSU
008 181216s||||||||xx |||||||||||||| ||und||
020 _a5894816181
040 _cGE_BSU
080 _a616.01(075.8)
245 _aМолекулярная биология
245 _bУчеб. пособие для студ. медицинских ин-тов.
260 _aМосква
260 _bМедицинское информационное агенство
260 _c2007
300 _a536стр.
541 _h80л.
653 _aМолекулярная биология
653 _aმოლეკულური ბიოლოგია
942 _cBK
999 _c35676
_d35676